000 00485nas a2200169 c 4500
005 20231108100330.0
008 231108c1983 mx br|p|r|||| 00| 0 spa d
040 _aCHAP
090 _aRevista
245 _aDasonomía mexicana
_c/ por Academia Nacional de Ciencias Forestales
260 _aMéxico :
_b ANCF,
_c1983-
300 _av.
310 _aBimestral
650 7 _9106124
_aSilvicultura
_xPublicaciones periódicas
650 7 _9106123
_aSilvicultura
_xMéxico
942 _2ddc
999 _c219358
_d219358